| 000 | 00397nam a22001577a 4500 | ||
|---|---|---|---|
| 003 | CEME | ||
| 005 | 20210628205800.0 | ||
| 008 | 210316b xxu||||| |||| 00| 0 eng d | ||
| 040 | _c. | ||
| 082 | _a891.4393 QAS | ||
| 100 |
_aQasmi, Atta-Ul-Haq Atta-Ul-Haq Qasmi _977016 |
||
| 245 | _aAttiayay urdu adab-fictions | ||
| 260 |
_aLAHORE _bGORA PUBLISHER _c1994 |
||
| 300 | _a199P | ||
| 942 |
_cBK _2ddc |
||
| 999 |
_c582333 _d582333 |
||